000 00628nam a2200181Ia 4500
008 100920s9999 xx 000 0 und d
082 _b100291
_a891.43 न 06
100 _aसुखोम्लीन्स्की वसीली.
245 _aखुशियों का स्कुल.
260 _bअरुण प्रकाशन दिल्ली.
_c2006
300 _a128
_bसाधी
365 _b140
520 _aहिंदी.
630 _aखुशियों का स्कुल.
650 _aहिंदी.
730 _aखुशियों का स्कुल.
942 _cBOOK
999 _c740729
_d740726